00711cam a22002411 4500001001300000003000400013005001700017008004100034010001700075035002000092040001800112042001200130050001900142100002900161245003100190260001100221300003800232500001400270500005800284504004600342600006400388999001700452sa 68010764 DLC20260227112555.0891207s1968 ii b 000 0 hino  asa 68010764  a(OCoLC)20745369 aDLCcWaUdDLC apremarc00aPK2098.T7bZ491 aNalin, Jayanatha,d1912-00aNirālā-kāvya-kośa. c[1968] aiii, 190, 181-290, [6] p.c22 cm. aIn Hindi. aBibliography printed on alternate pages (total: 3 p.) aBibliography: p. [291]-[296] (last group)10aTipathi, Surya Kant,d1896-1961xLanguagexGlossaries, etc. c83523d83523